000 00403nam a22001697a 4500
003 MPLRDC
005 20220104144113.0
008 210129b ||||| |||| 00| 0 eng d
082 _a690 TL
100 _a唐玲主编
245 _a神州心影, 中国旅行记
_c
250 _a初版
260 _a
_b汉风文艺研究会
_c1983
300 _b
650 _a中国游记
942 _cBK
_o690 TL
999 _c46389
_d46379